[Event "Rapid"]
[Site "Estonia Resort Hotel & Spa conference center, Pärnu, EE"]
[Date "2025.08.17"]
[Round "5"]
[White "Wartiovaara, Oliver"]
[Black "Sharma Isha"]
[Result "1-0"]
[Board "9"]
[WhiteFideId "513024"]
[BlackFideId "35006665"]
[WhiteTitle "FM"]
[BlackTitle "WIM"]
[WhiteElo "2341"]
[BlackElo "2121"]
[WhiteTeam "FIN"]
[BlackTeam "IND"]
[WhiteClock "0:07:41"]
[BlackClock "0:02:53"]
[Variant "Standard"]

1. e4 {[%clk 0:15:05]}  e5 {[%clk 0:15:05]} 2. Nc3 {[%clk 0:15:07]}  Nf6 {[%clk 0:15:07]} 3. d4 {[%clk 0:15:08]}  exd4 {[%clk 0:15:09]} 4. Qxd4 {[%clk 0:15:10]}  Nc6 {[%clk 0:15:11]} 5. Qd3 {[%clk 0:15:12]}  Bb4 {[%clk 0:15:11]} 6. Bd2 {[%clk 0:15:13]}  O-O {[%clk 0:15:08]} 7. O-O-O {[%clk 0:15:13]}  d6 {[%clk 0:15:09]} 8. Nge2 {[%clk 0:14:56]}  Re8 {[%clk 0:15:10]} 9. Bg5 {[%clk 0:14:49]}  h6 {[%clk 0:15:02]} 10. Bxf6 {[%clk 0:14:45]}  Qxf6 {[%clk 0:15:03]} 11. Nd5 {[%clk 0:14:47]}  Qd8 {[%clk 0:15:01]} 12. f4 {[%clk 0:13:06]}  Bc5 {[%clk 0:14:55]} 13. f5 {[%clk 0:12:50]}  Ne5 {[%clk 0:14:33]} 14. Qg3 {[%clk 0:12:36]}  c6 {[%clk 0:13:37]} 15. f6 {[%clk 0:12:35]}  Ng4 {[%clk 0:12:34]} 16. Ne7+ {[%clk 0:12:20]}  Rxe7 {[%clk 0:12:36]} 17. fxe7 {[%clk 0:12:22]}  Qxe7 {[%clk 0:12:38]} 18. Nd4 {[%clk 0:11:30]}  Qxe4 {[%clk 0:12:38]} 19. c3 {[%clk 0:11:12]}  Qe5 {[%clk 0:10:01]} 20. Re1 {[%clk 0:10:33]}  Qg5+ {[%clk 0:09:52]} 21. Kd1 {[%clk 0:09:55]}  Bxd4 {[%clk 0:07:38]} 22. Re8+ {[%clk 0:09:39]}  Kh7 {[%clk 0:07:40]} 23. cxd4 {[%clk 0:09:40]}  Qf6 {[%clk 0:07:24]} 24. Bd3+ {[%clk 0:09:38]}  g6 {[%clk 0:06:07]} 25. Rf1 {[%clk 0:09:36]}  Bf5 {[%clk 0:06:09]} 26. Rxa8 {[%clk 0:09:04]}  Qxd4 {[%clk 0:06:10]} 27. Rxf5 {[%clk 0:08:59]}  gxf5 {[%clk 0:06:03]} 28. h3 {[%clk 0:08:31]}  Nf6 {[%clk 0:03:53]} 29. Rf8 {[%clk 0:08:08]}  Qd5 {[%clk 0:03:39]} 30. Ke2 {[%clk 0:07:44]}  Qe6+ {[%clk 0:03:18]} 31. Kf1 {[%clk 0:07:41]}  c5 {[%clk 0:02:53]} 1-0

[Event "Rapid"]
[Site "Estonia Resort Hotel & Spa conference center, Pärnu, EE"]
[Date "2025.08.17"]
[Round "5"]
[White "Kopylov, Michael"]
[Black "Raag, Ardi"]
[Result "1-0"]
[Board "10"]
[WhiteFideId "14105080"]
[BlackFideId "4509269"]
[WhiteTitle "IM"]
[WhiteElo "2328"]
[BlackElo "2119"]
[WhiteTeam "UKR"]
[BlackTeam "EST"]
[WhiteClock "0:02:31"]
[BlackClock "0:00:07"]
[Variant "Standard"]

1. d4 {[%clk 0:15:05]}  d5 {[%clk 0:15:05]} 2. c4 {[%clk 0:15:05]}  e6 {[%clk 0:15:07]} 3. Nf3 {[%clk 0:15:07]}  Nf6 {[%clk 0:15:09]} 4. g3 {[%clk 0:15:08]}  dxc4 {[%clk 0:15:11]} 5. Bg2 {[%clk 0:15:10]}  a6 {[%clk 0:15:13]} 6. Ne5 {[%clk 0:15:08]}  c5 {[%clk 0:14:16]} 7. Na3 {[%clk 0:15:08]}  Qxd4 {[%clk 0:13:16]} 8. Qxd4 {[%clk 0:15:05]}  cxd4 {[%clk 0:13:18]} 9. Naxc4 {[%clk 0:15:06]}  Bb4+ {[%clk 0:12:54]} 10. Bd2 {[%clk 0:14:46]}  Bxd2+ {[%clk 0:12:54]} 11. Kxd2 {[%clk 0:14:47]}  Nbd7 {[%clk 0:12:33]} 12. Nd6+ {[%clk 0:10:25]}  Ke7 {[%clk 0:12:35]} 13. Ndxf7 {[%clk 0:10:26]}  Rf8 {[%clk 0:12:29]} 14. Nxd7 {[%clk 0:10:28]}  Nxd7 {[%clk 0:08:55]} 15. Ng5 {[%clk 0:10:27]}  Ne5 {[%clk 0:08:15]} 16. f4 {[%clk 0:09:28]}  Nc4+ {[%clk 0:07:14]} 17. Kd3 {[%clk 0:09:28]}  Nxb2+ {[%clk 0:06:33]} 18. Kxd4 {[%clk 0:09:29]}  Bd7 {[%clk 0:06:07]} 19. Rab1 {[%clk 0:09:01]}  Na4 {[%clk 0:05:44]} 20. Rxb7 {[%clk 0:08:57]}  Rab8 {[%clk 0:04:28]} 21. Rhb1 {[%clk 0:08:45]}  Rxb7 {[%clk 0:03:33]} 22. Rxb7 {[%clk 0:08:47]}  Rc8 {[%clk 0:02:43]} 23. Nxe6 {[%clk 0:07:16]}  Rc2 {[%clk 0:02:44]} 24. Nxg7 {[%clk 0:06:52]}  Rd2+ {[%clk 0:01:46]} 25. Ke3 {[%clk 0:06:24]}  Rxa2 {[%clk 0:01:47]} 26. Nf5+ {[%clk 0:05:14]}  Kd8 {[%clk 0:01:34]} 27. Nd4 {[%clk 0:04:55]}  Nc5 {[%clk 0:01:21]} 28. Ra7 {[%clk 0:04:56]}  Ra3+ {[%clk 0:00:41]} 29. Kf2 {[%clk 0:04:58]}  Ra4 {[%clk 0:00:42]} 30. Nc6+ {[%clk 0:03:58]}  Ke8 {[%clk 0:00:31]} 31. Ra8+ {[%clk 0:03:34]}  Kf7 {[%clk 0:00:29]} 32. Ne5+ {[%clk 0:03:36]}  Ke7 {[%clk 0:00:23]} 33. Ra7 {[%clk 0:03:27]}  Kd6 {[%clk 0:00:15]} 34. h4 {[%clk 0:02:54]}  Ra2 {[%clk 0:00:09]} 35. Bf3 {[%clk 0:02:42]}  Bb5 {[%clk 0:00:07]} 36. Rxh7 {[%clk 0:02:29]}  a5 {[%clk 0:00:06]} 37. Ra7 {[%clk 0:02:29]}  a4 {[%clk 0:00:07]} 38. h5 {[%clk 0:02:31]} 1-0

[Event "Rapid"]
[Site "Estonia Resort Hotel & Spa conference center, Pärnu, EE"]
[Date "2025.08.17"]
[Round "5"]
[White "Kostov, Deyan Samuil"]
[Black "Krustkalns, Kristaps"]
[Result "1-0"]
[Board "11"]
[WhiteFideId "30909015"]
[BlackFideId "11602686"]
[WhiteTitle "FM"]
[BlackTitle "FM"]
[WhiteElo "2308"]
[BlackElo "2106"]
[WhiteTeam "BUL"]
[BlackTeam "LAT"]
[WhiteClock "0:04:00"]
[BlackClock "0:00:53"]
[Variant "Standard"]

1. d4 {[%clk 0:15:03]}  Nf6 {[%clk 0:15:04]} 2. Bg5 {[%clk 0:15:03]}  d5 {[%clk 0:15:04]} 3. Nd2 {[%clk 0:15:03]}  c5 {[%clk 0:14:25]} 4. dxc5 {[%clk 0:15:00]}  e6 {[%clk 0:14:17]} 5. Nb3 {[%clk 0:14:49]}  Bxc5 {[%clk 0:13:17]} 6. Nxc5 {[%clk 0:14:49]}  Qa5+ {[%clk 0:13:19]} 7. c3 {[%clk 0:14:44]}  Qxc5 {[%clk 0:13:19]} 8. Bxf6 {[%clk 0:13:26]}  gxf6 {[%clk 0:13:19]} 9. Qd4 {[%clk 0:13:14]}  Qxd4 {[%clk 0:12:57]} 10. cxd4 {[%clk 0:13:15]}  Nc6 {[%clk 0:12:04]} 11. e3 {[%clk 0:13:15]}  e5 {[%clk 0:11:46]} 12. Bb5 {[%clk 0:12:54]}  Bd7 {[%clk 0:10:26]} 13. Ne2 {[%clk 0:12:15]}  Nb4 {[%clk 0:09:59]} 14. Bxd7+ {[%clk 0:11:43]}  Kxd7 {[%clk 0:09:59]} 15. Kd2 {[%clk 0:11:38]}  Rac8 {[%clk 0:09:43]} 16. Rhc1 {[%clk 0:10:05]}  Rxc1 {[%clk 0:09:03]} 17. Rxc1 {[%clk 0:10:05]}  a6 {[%clk 0:07:55]} 18. a3 {[%clk 0:09:27]}  Nc6 {[%clk 0:07:56]} 19. Rc5 {[%clk 0:09:12]}  Ke6 {[%clk 0:07:19]} 20. b4 {[%clk 0:09:03]}  Rc8 {[%clk 0:05:27]} 21. b5 {[%clk 0:08:50]}  axb5 {[%clk 0:05:27]} 22. Rxb5 {[%clk 0:08:51]}  Rc7 {[%clk 0:05:12]} 23. Kd3 {[%clk 0:08:40]}  Nd8 {[%clk 0:03:54]} 24. Nc3 {[%clk 0:08:37]}  Rd7 {[%clk 0:03:55]} 25. Na4 {[%clk 0:08:38]}  Rc7 {[%clk 0:03:45]} 26. Nc5+ {[%clk 0:08:20]}  Kd6 {[%clk 0:03:45]} 27. Rb6+ {[%clk 0:07:17]}  Rc6 {[%clk 0:02:47]} 28. Nxb7+ {[%clk 0:07:09]}  Nxb7 {[%clk 0:02:48]} 29. Rxb7 {[%clk 0:07:10]}  Ke6 {[%clk 0:02:50]} 30. Rb1 {[%clk 0:06:35]}  Ra6 {[%clk 0:02:35]} 31. Rb3 {[%clk 0:06:26]}  Ra4 {[%clk 0:02:37]} 32. f3 {[%clk 0:06:08]}  Kd6 {[%clk 0:02:38]} 33. g4 {[%clk 0:05:54]}  Ke6 {[%clk 0:02:39]} 34. h4 {[%clk 0:05:55]}  h6 {[%clk 0:02:39]} 35. h5 {[%clk 0:05:42]}  Kd6 {[%clk 0:02:40]} 36. f4 {[%clk 0:05:24]}  exd4 {[%clk 0:02:19]} 37. exd4 {[%clk 0:05:25]}  Kc6 {[%clk 0:02:21]} 38. Rc3+ {[%clk 0:04:55]}  Kd6 {[%clk 0:02:22]} 39. Ke3 {[%clk 0:04:57]}  Kd7 {[%clk 0:02:15]} 40. Rd3 {[%clk 0:04:37]}  Kd6 {[%clk 0:02:12]} 41. Kf3 {[%clk 0:04:39]}  Rc4 {[%clk 0:02:12]} 42. g5 {[%clk 0:04:15]}  fxg5 {[%clk 0:02:11]} 43. fxg5 {[%clk 0:04:16]}  hxg5 {[%clk 0:01:58]} 44. Kg4 {[%clk 0:04:18]}  f6 {[%clk 0:01:13]} 45. Kf5 {[%clk 0:04:06]}  Ke7 {[%clk 0:01:13]} 46. Kg6 {[%clk 0:04:06]}  g4 {[%clk 0:01:05]} 47. h6 {[%clk 0:04:04]}  g3 {[%clk 0:00:53]} 48. Rxg3 {[%clk 0:04:00]} 1-0

[Event "Rapid"]
[Site "Estonia Resort Hotel & Spa conference center, Pärnu, EE"]
[Date "2025.08.17"]
[Round "6"]
[White "Neiksans, Arturs"]
[Black "Meshkovs, Nikita"]
[Result "0-1"]
[Board "1"]
[WhiteFideId "11601388"]
[BlackFideId "11602740"]
[WhiteTitle "GM"]
[BlackTitle "GM"]
[WhiteElo "2514"]
[BlackElo "2552"]
[WhiteTeam "LAT"]
[BlackTeam "LAT"]
[WhiteClock "0:00:10"]
[BlackClock "0:01:02"]
[Variant "Standard"]

1. Nf3 {[%clk 0:15:04]}  d5 {[%clk 0:15:03]} 2. b3 {[%clk 0:15:06]}  Nf6 {[%clk 0:14:57]} 3. Bb2 {[%clk 0:15:07]}  e6 {[%clk 0:14:57]} 4. c4 {[%clk 0:14:41]}  Bd6 {[%clk 0:14:59]} 5. g3 {[%clk 0:14:23]}  O-O {[%clk 0:14:53]} 6. Bg2 {[%clk 0:14:25]}  Re8 {[%clk 0:14:07]} 7. d4 {[%clk 0:14:06]}  dxc4 {[%clk 0:13:42]} 8. bxc4 {[%clk 0:14:07]}  c5 {[%clk 0:13:42]} 9. O-O {[%clk 0:13:59]}  cxd4 {[%clk 0:11:11]} 10. Nxd4 {[%clk 0:14:00]}  a6 {[%clk 0:10:57]} 11. Nd2 {[%clk 0:12:40]}  Nbd7 {[%clk 0:10:46]} 12. N2b3 {[%clk 0:12:04]}  Qc7 {[%clk 0:09:21]} 13. Rc1 {[%clk 0:11:44]}  Nc5 {[%clk 0:09:19]} 14. Nxc5 {[%clk 0:07:40]}  Bxc5 {[%clk 0:09:21]} 15. Nb3 {[%clk 0:07:41]}  Be7 {[%clk 0:09:20]} 16. c5 {[%clk 0:06:24]}  Bd7 {[%clk 0:09:17]} 17. Nd4 {[%clk 0:06:13]}  Rad8 {[%clk 0:08:40]} 18. Qb3 {[%clk 0:05:25]}  e5 {[%clk 0:08:09]} 19. c6 {[%clk 0:05:03]}  exd4 {[%clk 0:08:10]} 20. cxd7 {[%clk 0:05:04]}  Qxd7 {[%clk 0:08:12]} 21. Rfd1 {[%clk 0:05:07]}  Qg4 {[%clk 0:06:50]} 22. Bf3 {[%clk 0:04:57]}  Qh3 {[%clk 0:06:37]} 23. Bg2 {[%clk 0:03:53]}  Qg4 {[%clk 0:06:39]} 24. Qf3 {[%clk 0:03:47]}  Qe6 {[%clk 0:06:06]} 25. a3 {[%clk 0:03:20]}  Ng4 {[%clk 0:03:44]} 26. h3 {[%clk 0:02:22]}  Ne5 {[%clk 0:03:40]} 27. Qe4 {[%clk 0:02:23]}  Bf6 {[%clk 0:03:08]} 28. Rxd4 {[%clk 0:02:02]}  Nf3+ {[%clk 0:02:09]} 29. Bxf3 {[%clk 0:01:28]}  Bxd4 {[%clk 0:02:10]} 30. Qxe6 {[%clk 0:01:30]}  fxe6 {[%clk 0:02:10]} 31. Bxd4 {[%clk 0:01:32]}  Rxd4 {[%clk 0:02:12]} 32. Bxb7 {[%clk 0:01:26]}  Ra4 {[%clk 0:01:44]} 33. Rc3 {[%clk 0:01:24]}  Rb8 {[%clk 0:01:43]} 34. Bf3 {[%clk 0:01:18]}  Kf7 {[%clk 0:01:36]} 35. Bg4 {[%clk 0:01:06]}  Rb6 {[%clk 0:01:26]} 36. Kg2 {[%clk 0:01:04]}  Kf6 {[%clk 0:01:24]} 37. Rf3+ {[%clk 0:01:04]}  Ke7 {[%clk 0:01:23]} 38. Rc3 {[%clk 0:01:04]}  Ra5 {[%clk 0:01:10]} 39. e3 {[%clk 0:01:04]}  Rd5 {[%clk 0:01:03]} 40. f4 {[%clk 0:00:44]}  Rb2+ {[%clk 0:00:59]} 41. Kf1 {[%clk 0:00:11]}  Rdd2 {[%clk 0:01:01]} 42. Ke1 {[%clk 0:00:10]}  Rh2 {[%clk 0:01:02]} 0-1

[Event "Rapid"]
[Site "Estonia Resort Hotel & Spa conference center, Pärnu, EE"]
[Date "2025.08.17"]
[Round "6"]
[White "Lapshun, Yury"]
[Black "Laurusas, Tomas"]
[Result "0-1"]
[Board "2"]
[WhiteFideId "2006960"]
[BlackFideId "12803731"]
[WhiteTitle "IM"]
[BlackTitle "GM"]
[WhiteElo "2416"]
[BlackElo "2576"]
[WhiteTeam "USA"]
[BlackTeam "LTU"]
[WhiteClock "0:00:10"]
[BlackClock "0:00:26"]
[Variant "Standard"]

1. b4 {[%clk 0:15:02]}  e5 {[%clk 0:14:20]} 2. a3 {[%clk 0:15:04]}  d5 {[%clk 0:13:27]} 3. Bb2 {[%clk 0:15:05]}  Bd6 {[%clk 0:13:23]} 4. e3 {[%clk 0:15:01]}  Nf6 {[%clk 0:13:19]} 5. Nf3 {[%clk 0:14:53]}  Nbd7 {[%clk 0:13:07]} 6. c4 {[%clk 0:14:54]}  c6 {[%clk 0:13:09]} 7. Nc3 {[%clk 0:14:44]}  O-O {[%clk 0:13:07]} 8. Rc1 {[%clk 0:14:11]}  e4 {[%clk 0:10:30]} 9. Nd4 {[%clk 0:14:12]}  dxc4 {[%clk 0:10:32]} 10. Bxc4 {[%clk 0:11:45]}  Ne5 {[%clk 0:10:34]} 11. Be2 {[%clk 0:11:46]}  Bg4 {[%clk 0:10:36]} 12. f3 {[%clk 0:11:27]}  exf3 {[%clk 0:10:27]} 13. Nxf3 {[%clk 0:11:19]}  Ng6 {[%clk 0:07:14]} 14. O-O {[%clk 0:10:50]}  Qe7 {[%clk 0:07:16]} 15. Nd4 {[%clk 0:10:24]}  Qe5 {[%clk 0:06:58]} 16. g3 {[%clk 0:10:15]}  Bh3 {[%clk 0:06:49]} 17. Rf2 {[%clk 0:10:07]}  Rad8 {[%clk 0:06:23]} 18. Qc2 {[%clk 0:08:39]}  Ng4 {[%clk 0:04:04]} 19. Bxg4 {[%clk 0:08:40]}  Bxg4 {[%clk 0:04:06]} 20. Nf5 {[%clk 0:08:04]}  Bxf5 {[%clk 0:04:08]} 21. Rxf5 {[%clk 0:07:53]}  Qe6 {[%clk 0:03:56]} 22. Rcf1 {[%clk 0:07:52]}  Be5 {[%clk 0:03:21]} 23. d4 {[%clk 0:06:53]}  Bc7 {[%clk 0:03:07]} 24. Qf2 {[%clk 0:05:36]}  Ne7 {[%clk 0:03:02]} 25. Rf3 {[%clk 0:05:33]}  f6 {[%clk 0:02:40]} 26. e4 {[%clk 0:05:08]}  Rxd4 {[%clk 0:01:44]} 27. Nd5 {[%clk 0:05:04]}  cxd5 {[%clk 0:01:46]} 28. Bxd4 {[%clk 0:05:06]}  dxe4 {[%clk 0:01:48]} 29. Rc3 {[%clk 0:04:53]}  Nd5 {[%clk 0:01:44]} 30. Rc2 {[%clk 0:04:42]}  a6 {[%clk 0:01:22]} 31. Qf5 {[%clk 0:04:39]}  Qxf5 {[%clk 0:01:11]} 32. Rxf5 {[%clk 0:04:41]}  Rd8 {[%clk 0:01:13]} 33. Rc5 {[%clk 0:02:42]}  Ne7 {[%clk 0:01:04]} 34. Bxf6 {[%clk 0:02:14]}  gxf6 {[%clk 0:00:55]} 35. Rxf6 {[%clk 0:02:16]}  Nd5 {[%clk 0:00:47]} 36. Re6 {[%clk 0:02:07]}  Bb6 {[%clk 0:00:45]} 37. Rxe4 {[%clk 0:02:09]}  Bxc5+ {[%clk 0:00:38]} 38. bxc5 {[%clk 0:02:11]}  Rc8 {[%clk 0:00:39]} 39. Rg4+ {[%clk 0:01:59]}  Kf7 {[%clk 0:00:41]} 40. Rh4 {[%clk 0:01:58]}  Kg6 {[%clk 0:00:36]} 41. Rg4+ {[%clk 0:02:00]}  Kf6 {[%clk 0:00:30]} 42. Rh4 {[%clk 0:02:00]}  Rc7 {[%clk 0:00:32]} 43. Kf2 {[%clk 0:01:55]}  Ke5 {[%clk 0:00:29]} 44. Ke2 {[%clk 0:01:39]}  Nf6 {[%clk 0:00:30]} 45. Rb4 {[%clk 0:01:25]}  Nd7 {[%clk 0:00:13]} 46. c6 {[%clk 0:01:20]}  bxc6 {[%clk 0:00:15]} 47. Kd3 {[%clk 0:01:14]}  Kd5 {[%clk 0:00:17]} 48. Rd4+ {[%clk 0:01:14]}  Ke6 {[%clk 0:00:16]} 49. Kc3 {[%clk 0:01:07]}  c5 {[%clk 0:00:17]} 50. Rh4 {[%clk 0:01:03]}  Nf6 {[%clk 0:00:16]} 51. Ra4 {[%clk 0:01:03]}  Nd5+ {[%clk 0:00:12]} 52. Kd3 {[%clk 0:00:56]}  Rc6 {[%clk 0:00:14]} 53. g4 {[%clk 0:00:57]}  Nb6 {[%clk 0:00:13]} 54. Re4+ {[%clk 0:00:54]}  Kd5 {[%clk 0:00:14]} 55. Rf4 {[%clk 0:00:53]}  Nd7 {[%clk 0:00:14]} 56. g5 {[%clk 0:00:46]}  Ne5+ {[%clk 0:00:15]} 57. Kc3 {[%clk 0:00:45]}  h6 {[%clk 0:00:09]} 58. h4 {[%clk 0:00:37]}  hxg5 {[%clk 0:00:06]} 59. hxg5 {[%clk 0:00:39]}  Rg6 {[%clk 0:00:13]} 60. Ra4 {[%clk 0:00:36]}  Nf3 {[%clk 0:00:13]} 61. Rf4 {[%clk 0:00:31]}  Nxg5 {[%clk 0:00:12]} 62. Rf5+ {[%clk 0:00:33]}  Kd6 {[%clk 0:00:10]} 63. Rf8 {[%clk 0:00:26]}  Ne6 {[%clk 0:00:10]} 64. Ra8 {[%clk 0:00:25]}  Nc7 {[%clk 0:00:12]} 65. Rd8+ {[%clk 0:00:27]}  Kc6 {[%clk 0:00:14]} 66. Rh8 {[%clk 0:00:21]}  Rg3+ {[%clk 0:00:17]} 67. Kb2 {[%clk 0:00:23]}  Kb5 {[%clk 0:00:18]} 68. Rh4 {[%clk 0:00:23]}  Nd5 {[%clk 0:00:18]} 69. a4+ {[%clk 0:00:18]}  Ka5 {[%clk 0:00:19]} 70. Rc4 {[%clk 0:00:17]}  Kb6 {[%clk 0:00:19]} 71. Rh4 {[%clk 0:00:16]}  Rd3 {[%clk 0:00:20]} 72. Rh6+ {[%clk 0:00:07]}  Ka5 {[%clk 0:00:14]} 73. Rc6 {[%clk 0:00:06]}  Kxa4 {[%clk 0:00:07]} 74. Rxc5 {[%clk 0:00:07]}  Kb4 {[%clk 0:00:06]} 75. Rc8 {[%clk 0:00:07]}  a5 {[%clk 0:00:07]} 76. Rb8+ {[%clk 0:00:09]}  Kc5 {[%clk 0:00:09]} 77. Rc8+ {[%clk 0:00:11]}  Kb5 {[%clk 0:00:12]} 78. Rb8+ {[%clk 0:00:12]}  Nb6 {[%clk 0:00:14]} 79. Rh8 {[%clk 0:00:13]}  Rd2+ {[%clk 0:00:15]} 80. Kc3 {[%clk 0:00:14]}  Rd5 {[%clk 0:00:13]} 81. Rh4 {[%clk 0:00:14]}  Rg5 {[%clk 0:00:20]} 82. Kb2 {[%clk 0:00:14]}  Na4+ {[%clk 0:00:18]} 83. Kb3 {[%clk 0:00:11]}  Nc5+ {[%clk 0:00:19]} 84. Kb2 {[%clk 0:00:13]}  Rg2+ {[%clk 0:00:20]} 85. Ka3 {[%clk 0:00:13]}  Rg3+ {[%clk 0:00:22]} 86. Kb2 {[%clk 0:00:15]}  Re3 {[%clk 0:00:21]} 87. Rg4 {[%clk 0:00:15]}  Nd3+ {[%clk 0:00:22]} 88. Ka2 {[%clk 0:00:12]}  Nb4+ {[%clk 0:00:24]} 89. Kb2 {[%clk 0:00:14]}  Ka4 {[%clk 0:00:26]} 90. Rg5 {[%clk 0:00:11]}  Re2+ {[%clk 0:00:27]} 91. Kb1 {[%clk 0:00:10]}  Rh2 {[%clk 0:00:25]} 92. Rf5 {[%clk 0:00:10]}  Nd3 {[%clk 0:00:21]} 93. Rd5 {[%clk 0:00:09]}  Nb4 {[%clk 0:00:19]} 94. Rg5 {[%clk 0:00:11]}  Rd2 {[%clk 0:00:20]} 95. Rh5 {[%clk 0:00:11]}  Kb3 {[%clk 0:00:21]} 96. Kc1 {[%clk 0:00:10]}  Rc2+ {[%clk 0:00:23]} 97. Kb1 {[%clk 0:00:09]}  Rd2 {[%clk 0:00:24]} 98. Kc1 {[%clk 0:00:11]}  Rd5 {[%clk 0:00:26]} 99. Rh3+ {[%clk 0:00:11]}  Rd3 {[%clk 0:00:28]} 100. Rh2 {[%clk 0:00:10]}  Na2+ {[%clk 0:00:26]} 0-1

[Event "Rapid"]
[Site "Estonia Resort Hotel & Spa conference center, Pärnu, EE"]
[Date "2025.08.17"]
[Round "6"]
[White "Sharan, Rao"]
[Black "Kazakouski, Valery"]
[Result "1/2-1/2"]
[Board "3"]
[WhiteFideId "5073464"]
[BlackFideId "13507443"]
[WhiteTitle "IM"]
[BlackTitle "GM"]
[WhiteElo "2250"]
[BlackElo "2523"]
[WhiteTeam "IND"]
[BlackTeam "LTU"]
[WhiteClock "0:00:09"]
[BlackClock "0:15:03"]
[Variant "Standard"]

1. Nf3 {[%clk 0:15:04]}  c5 {[%clk 0:15:02]} 2. b3 {[%clk 0:15:05]}  d6 {[%clk 0:15:01]} 3. d4 {[%clk 0:15:07]}  cxd4 {[%clk 0:14:59]} 4. Nxd4 {[%clk 0:15:08]}  g6 {[%clk 0:14:34]} 5. Bb2 {[%clk 0:15:09]}  Nf6 {[%clk 0:14:36]} 6. e3 {[%clk 0:15:11]}  Bg7 {[%clk 0:14:36]} 7. Be2 {[%clk 0:15:12]}  O-O {[%clk 0:14:36]} 8. O-O {[%clk 0:15:12]}  Nc6 {[%clk 0:13:55]} 9. Nd2 {[%clk 0:15:14]}  h5 {[%clk 0:13:45]} 10. c4 {[%clk 0:15:10]}  Bd7 {[%clk 0:13:31]} 11. Rc1 {[%clk 0:15:09]}  Qa5 {[%clk 0:13:21]} 12. Nxc6 {[%clk 0:14:52]}  bxc6 {[%clk 0:13:17]} 13. Bc3 {[%clk 0:14:18]}  Qc7 {[%clk 0:12:16]} 14. c5 {[%clk 0:13:54]}  d5 {[%clk 0:11:33]} 15. Nf3 {[%clk 0:13:56]}  Ng4 {[%clk 0:11:03]} 16. Bxg7 {[%clk 0:13:56]}  Kxg7 {[%clk 0:11:05]} 17. h3 {[%clk 0:13:58]}  Nh6 {[%clk 0:11:06]} 18. Qd4+ {[%clk 0:13:29]}  f6 {[%clk 0:11:07]} 19. b4 {[%clk 0:13:24]}  e5 {[%clk 0:11:01]} 20. Qb2 {[%clk 0:12:48]}  Rab8 {[%clk 0:10:58]} 21. a4 {[%clk 0:12:06]}  g5 {[%clk 0:10:57]} 22. b5 {[%clk 0:11:54]}  g4 {[%clk 0:10:57]} 23. hxg4 {[%clk 0:11:42]}  hxg4 {[%clk 0:10:59]} 24. Nh4 {[%clk 0:11:11]}  Nf5 {[%clk 0:10:02]} 25. Nxf5+ {[%clk 0:10:49]}  Bxf5 {[%clk 0:10:04]} 26. e4 {[%clk 0:10:31]}  Bxe4 {[%clk 0:09:46]} 27. Bxg4 {[%clk 0:10:30]}  f5 {[%clk 0:08:14]} 28. Bh3 {[%clk 0:10:00]}  f4 {[%clk 0:07:55]} 29. f3 {[%clk 0:09:41]}  Bg6 {[%clk 0:07:32]} 30. Rfe1 {[%clk 0:09:03]}  Rfe8 {[%clk 0:07:28]} 31. Qf2 {[%clk 0:06:28]}  cxb5 {[%clk 0:04:27]} 32. axb5 {[%clk 0:06:08]}  Rxb5 {[%clk 0:04:29]} 33. c6 {[%clk 0:06:08]}  d4 {[%clk 0:04:02]} 34. Qh4 {[%clk 0:04:55]}  d3 {[%clk 0:03:57]} 35. Red1 {[%clk 0:04:57]}  Rb2 {[%clk 0:03:30]} 36. Bd7 {[%clk 0:03:53]}  d2 {[%clk 0:02:30]} 37. Rc3 {[%clk 0:03:30]}  Rb1 {[%clk 0:01:41]} 38. Rxb1 {[%clk 0:03:01]}  Bxb1 {[%clk 0:01:43]} 39. Qg5+ {[%clk 0:03:02]}  Bg6 {[%clk 0:01:45]} 40. Rd3 {[%clk 0:02:59]}  Qb6+ {[%clk 0:01:47]} 41. Kh2 {[%clk 0:03:01]}  Rh8+ {[%clk 0:00:45]} 42. Bh3 {[%clk 0:03:02]}  Qxc6 {[%clk 0:00:34]} 43. Qe7+ {[%clk 0:01:42]}  Bf7 {[%clk 0:00:30]} 44. Rd6 {[%clk 0:01:42]}  Rxh3+ {[%clk 0:00:04]} 45. gxh3 {[%clk 0:00:46]}  d1=Q {[%clk 0:00:06]} 46. Qg5+ {[%clk 0:00:36]}  Kf8 {[%clk 0:00:04]} 47. Qd8+ {[%clk 0:00:25]}  Kg7 {[%clk 0:00:05]} 48. Qg5+ {[%clk 0:00:27]}  Kf8 {[%clk 0:00:08]} 49. Rxc6 {[%clk 0:00:19]}  Qe2+ {[%clk 0:00:04]} 50. Qg2 {[%clk 0:00:20]}  Qe3 {[%clk 0:00:05]} 51. Rc7 {[%clk 0:00:14]}  a5 {[%clk 0:00:05]} 52. Rc8+ {[%clk 0:00:10]}  Be8 {[%clk 0:00:06]} 53. Rc7 {[%clk 0:00:10]}  Bf7 {[%clk 0:00:08]} 54. h4 {[%clk 0:00:06]}  Qe1 {[%clk 0:00:06]} 55. Rc8+ {[%clk 0:00:08]}  Be8 {[%clk 0:00:08]} 56. Rc7 {[%clk 0:00:06]}  Qxh4+ {[%clk 0:00:10]} 57. Kg1 {[%clk 0:00:07]}  Qe1+ {[%clk 0:00:11]} 58. Kh2 {[%clk 0:00:09]}  Qh4+ {[%clk 0:00:08]} 59. Kg1 {[%clk 0:00:12]}  Qe1+ {[%clk 0:00:05]} 60. Kh2 {[%clk 0:00:14]}  Qh4+ {[%clk 0:00:03]} 61. Kg1 {[%clk 0:00:14]}  Qf6 {[%clk 0:15:03]} 62. Qc2 {[%clk 0:00:09]} 1/2-1/2

[Event "Rapid"]
[Site "Estonia Resort Hotel & Spa conference center, Pärnu, EE"]
[Date "2025.08.17"]
[Round "6"]
[White "Fridman, Daniel"]
[Black "Glek, Igor"]
[Result "1-0"]
[Board "4"]
[WhiteFideId "11600454"]
[BlackFideId "4100484"]
[WhiteTitle "GM"]
[BlackTitle "GM"]
[WhiteElo "2561"]
[BlackElo "2439"]
[WhiteTeam "GER"]
[BlackTeam "BEL"]
[WhiteClock "0:06:50"]
[BlackClock "0:00:06"]
[Variant "Standard"]

1. Nf3 {[%clk 0:15:03]}  f5 {[%clk 0:15:05]} 2. d3 {[%clk 0:15:05]}  Nc6 {[%clk 0:15:05]} 3. e4 {[%clk 0:15:06]}  e5 {[%clk 0:15:08]} 4. d4 {[%clk 0:15:08]}  fxe4 {[%clk 0:14:56]} 5. Nxe5 {[%clk 0:15:09]}  Nf6 {[%clk 0:14:58]} 6. Bc4 {[%clk 0:14:55]}  d5 {[%clk 0:14:47]} 7. Bb5 {[%clk 0:14:56]}  Bd7 {[%clk 0:14:21]} 8. c4 {[%clk 0:14:57]}  a6 {[%clk 0:14:04]} 9. Bxc6 {[%clk 0:14:50]}  Bxc6 {[%clk 0:13:57]} 10. O-O {[%clk 0:14:40]}  Bd6 {[%clk 0:13:15]} 11. Nc3 {[%clk 0:14:28]}  O-O {[%clk 0:13:09]} 12. Bg5 {[%clk 0:14:26]}  dxc4 {[%clk 0:09:50]} 13. Nxc6 {[%clk 0:14:25]}  bxc6 {[%clk 0:09:52]} 14. Nxe4 {[%clk 0:13:11]}  Be7 {[%clk 0:09:48]} 15. Nc3 {[%clk 0:12:40]}  h6 {[%clk 0:07:41]} 16. Bh4 {[%clk 0:11:24]}  Nd5 {[%clk 0:05:47]} 17. Bxe7 {[%clk 0:11:24]}  Qxe7 {[%clk 0:05:47]} 18. Qa4 {[%clk 0:11:21]}  Nf4 {[%clk 0:04:11]} 19. Qxc4+ {[%clk 0:10:27]}  Kh8 {[%clk 0:04:13]} 20. g3 {[%clk 0:09:21]}  Qg5 {[%clk 0:02:45]} 21. Kh1 {[%clk 0:09:22]}  Nh3 {[%clk 0:01:25]} 22. f4 {[%clk 0:09:22]}  Qg6 {[%clk 0:00:15]} 23. Rae1 {[%clk 0:08:51]}  Rae8 {[%clk 0:00:17]} 24. Re5 {[%clk 0:08:10]}  Rd8 {[%clk 0:00:10]} 25. Qe6 {[%clk 0:06:48]}  Qxe6 {[%clk 0:00:06]} 26. Rxe6 {[%clk 0:06:49]}  Rxd4 {[%clk 0:00:06]} 27. Kg2 {[%clk 0:06:50]} 1-0